Los símbolos en la Eucaristía

Saved in:
Bibliografiske detaljer
Hovedforfatter: Fernández de A., Rafael (Author)
Format: Bog
Sprog:spansk
Udgivet: Santiago Patris S. A 2005
Udgivelse:1a. ed
Serier:Riquezas de Nuestra Fe, 9
Fag:
Tags: Tilføj Tag
Ingen Tags, Vær først til at tagge denne postø!

MARC

LEADER 00000cam a2200000 a 4500
001 UCC6314
003 CL-VaPUC
008 181130e20050000cl |||||||||||||||||spa|d
020 |a 9562462889 
082 0 4 |a 234.163  |b FER  |2 21 
100 0 |a Fernández de A., Rafael  |e author  |9 600725 
245 1 4 |a Los símbolos en la Eucaristía 
250 |a 1a. ed 
300 |a 113 p 
942 |c BK 
945 |d 20181130 13:53:00  |a dcastane 
260 |a Santiago  |b Patris S. A  |c 2005 
650 0 |a Eucaristía  |9 257336 
650 7 |a LITURGIA  |2 CL-VaPUC  |9 600726 
650 7 |a SIMBOLISMO CRISTIANO  |2 CL-VaPUC  |9 265961 
583 |a last modification  |c 20181130 13:53:00  |k Rodrigo Vera 
490 0 |a Riquezas de Nuestra Fe, 9 
999 |c 373263  |d 373261 
952 |0 0  |1 0  |3 erb  |4 0  |6 234_163000000000000_FER_2005  |7 0  |8 A  |9 491331  |a BIBTEO  |b BIBTEO  |e Precht Pizarro, Jorge Enrique  |i 5519640  |o 234.163 FER 2005  |p 5519640  |r 2025-01-17  |w 2019-11-24  |y BK  |z Catalogado en:20181130  |k ICR